[Event "Dt. Senioren-Mannschaftsmeisterschaft der Landesverbände 2017"]
[Site "Templin"]
[Date "2017.09.25"]
[Round "1.1"]
[White "Walter, Guenter"]
[Black "Kalinitschew, Sergey"]
[Result "0-1"]
[BlackElo "2423"]
[WhiteElo "2158"]
[WhiteTeam "Brandenburg 1"]
[BlackTeam "Berlin 1"]
[LiveChessVersion "1.4.8"]

1. e4 g6 2. d4 Bg7 3. Nf3 d6 4. Bc4 Nf6 5. Qe2 O-O 6. O-O Bg4 7. h3 Bxf3 8. Qxf3
Nc6 9. c3 e5 10. Be3 Qe8 11. Nd2 Nd7 12. dxe5 Ndxe5 13. Qe2 Nxc4 14. Qxc4 Qe7
15. Rae1 Rfe8 16. Bf4 Rad8 17. Nf3 h6 18. Re3 Qe6 19. Qxe6 Rxe6 20. Rfe1 Rde8
21. Kf1 b5 22. R1e2 a5 23. Ke1 a4 24. a3 Na5 25. Nd2 g5 26. Bh2 h5 27. g4 hxg4
28. hxg4 Rh6 29. f3 Be5 30. Bxe5 Rh1+ 31. Nf1 Rxe5 32. Rh2 Rxh2 33. Nxh2 d5 34.
Kf2 Nc4 35. Re2 Kf8 36. Nf1 dxe4 37. fxe4 Re6 38. Ng3 Ne5 39. Nf5 Nxg4+ 40. Kg3
Nf6 41. Kf3 Re5 42. Ng3 Kg7 43. Rd2 Kg6 44. Rd8 Re8 45. Rd4 Re7 46. Rb4 c6 47.
c4 Re5 48. cxb5 Rxb5 49. Nf5 Rxb4 50. Ne7+ Kh5 51. axb4 g4+ 52. Kf4 Kh4 53. Nxc6
g3 54. Nd4 g2 55. Nf3+ Kh3 56. b5 Nd7 57. e5 Nb6 58. Kf5 Kg3 59. Ng1 Kf2 60.
Nh3+ Ke3 61. Kf6 Kd4 62. Kxf7 Kxe5 63. Ke7 Nc4 64. Kd7 Kd5 65. Nf4+ Kc5 66. Nxg2
Nxb2 67. Ne3 a3 68. b6 Kxb6 69. Kd6 a2 70. Nc2 Nc4+ 71. Ke6 Kc5 72. Na1 Kd4 73.
Kf5 Kc3 0-1

[Event "Dt. Senioren-Mannschaftsmeisterschaft der Landesverbände 2017"]
[Site "Templin"]
[Date "2017.09.25"]
[Round "1.2"]
[White "Lehmann, Klaus"]
[Black "Walkewitz, Hubert"]
[Result "1/2-1/2"]
[BlackElo "2134"]
[WhiteElo "2321"]
[WhiteTeam "Berlin 1"]
[BlackTeam "Brandenburg 1"]
[LiveChessVersion "1.4.8"]

1. e4 d5 2. exd5 Qxd5 3. Nf3 Bf5 4. Be2 Nc6 5. Nc3 Qd7 6. O-O e6 7. Bb5 Bg4 8.
h3 Bxf3 9. Qxf3 Nf6 10. Bxc6 Qxc6 11. Qxc6+ bxc6 12. b3 Bb4 13. Bb2 O-O 14. d3
a5 15. Na4 Rfd8 16. a3 Be7 17. Rfe1 Nd5 18. Bd4 Nb4 19. axb4 Rxd4 20. bxa5 Rxa5
21. Nb2 Rc5 22. Ra8+ Rd8 23. Rxd8+ Bxd8 24. Nc4 Bf6 25. Re4 Kf8 26. Kf1 Ke7 27.
Ke2 h5 28. g3 g5 29. g4 hxg4 30. hxg4 Rd5 31. Ne3 Rc5 32. Ra4 Rb5 33. Nc4 Bc3
34. Ra7 Kd7 35. Ra8 f5 36. f3 Bf6 37. Ke3 Rd5 38. Ke2 Rb5 39. Kd2 Rd5 40. Rg8
fxg4 41. fxg4 Rd4 42. Ne3 Rf4 43. Ke2 Ke7 44. Rc8 Kd7 45. Rg8 Ke7 46. Rc8 Kd7
47. Rg8 1/2-1/2

[Event "Dt. Senioren-Mannschaftsmeisterschaft der Landesverbände 2017"]
[Site "Templin"]
[Date "2017.09.25"]
[Round "1.3"]
[White "Jandke, Manfred"]
[Black "Glienke, Manfred, Dr."]
[Result "1/2-1/2"]
[BlackElo "2266"]
[WhiteElo "2147"]
[WhiteTeam "Brandenburg 1"]
[BlackTeam "Berlin 1"]
[LiveChessVersion "1.4.8"]

1. c4 c6 2. Nf3 d5 3. g3 Nf6 4. Qc2 g6 5. Bg2 Bg7 6. O-O O-O 7. d3 Re8 8. Nbd2
e5 9. e4 dxe4 10. dxe4 Na6 11. Rd1 Qe7 12. a3 Bg4 13. b4 Nc7 14. Bb2 Nd7 15. h3
Bxf3 16. Nxf3 a5 17. bxa5 Nc5 18. Bc3 N7a6 19. Rab1 Qc7 20. h4 1/2-1/2

[Event "Dt. Senioren-Mannschaftsmeisterschaft der Landesverbände 2017"]
[Site "Templin"]
[Date "2017.09.25"]
[Round "1.4"]
[White "Burchardt, Brigitte"]
[Black "Kuhne, Detlev"]
[Result "1-0"]
[BlackElo "2108"]
[WhiteElo "2191"]
[WhiteTeam "Berlin 1"]
[BlackTeam "Brandenburg 1"]
[LiveChessVersion "1.4.8"]

1. e4 Nf6 2. Nc3 d5 3. exd5 Nxd5 4. d4 g6 5. Nf3 Bg7 6. Be2 O-O 7. O-O c5 8.
Nxd5 Qxd5 9. c4 Qd6 10. dxc5 Qxc5 11. Qb3 Nc6 12. Be3 Qb4 13. Qxb4 Nxb4 14. Bd4
Nc6 15. Bxg7 Kxg7 16. Rfd1 Bf5 17. Rd2 Rad8 18. Rad1 Rxd2 19. Rxd2 Rd8 20. Rxd8
Nxd8 21. Kf1 Kf6 22. Ke1 Nc6 23. Kd2 e5 24. Kc3 Bd7 25. b4 e4 26. Nd4 Ke5 27.
Nb3 f5 28. a4 Nd8 29. b5 Ne6 30. c5 Nf4 31. Bf1 Nd5+ 32. Kd2 Nc7 33. Na5 Bc8 34.
Nc4+ Kd4 35. Nd6 Be6 36. Nxb7 f4 37. b6 axb6 38. cxb6 e3+ 39. fxe3+ fxe3+ 40.
Ke1 Nd5 41. Nd8 Bg4 42. b7 Nb4 43. Be2 1-0

[Event "Dt. Senioren-Mannschaftsmeisterschaft der Landesverbände 2017"]
[Site "Templin"]
[Date "2017.09.25"]
[Round "1.1"]
[White "Nekrasov, Mihail"]
[Black "Urytskyy, Arkadiy"]
[Result "1/2-1/2"]
[BlackElo "2176"]
[WhiteElo "2359"]
[WhiteTeam "Baden 1"]
[BlackTeam "Bayern 2"]
[LiveChessVersion "1.4.8"]

1. e4 c5 2. Nf3 d6 3. d4 cxd4 4. Nxd4 Nf6 5. f3 g6 6. c4 Bg7 7. Be3 Nc6 8. Qd2
O-O 9. Nc3 Bd7 10. Nc2 Rc8 11. Be2 Ne5 12. b3 a6 13. Rc1 b5 14. Bd4 bxc4 15.
Bxe5 cxb3 16. axb3 dxe5 17. Bxa6 Rb8 1/2-1/2

[Event "Dt. Senioren-Mannschaftsmeisterschaft der Landesverbände 2017"]
[Site "Templin"]
[Date "2017.09.25"]
[Round "1.2"]
[White "Daeubler, Heinrich"]
[Black "Werner, Clemens"]
[Result "1/2-1/2"]
[BlackElo "2306"]
[WhiteElo "2165"]
[WhiteTeam "Bayern 2"]
[BlackTeam "Baden 1"]
[LiveChessVersion "1.4.8"]

1. d4 Nf6 2. c4 d6 3. Nc3 e5 4. dxe5 dxe5 5. Qxd8+ Kxd8 6. Nf3 Nfd7 7. g3 f6 8.
Bg2 a5 9. O-O Na6 10. b3 c6 11. Bb2 Ndc5 12. Nd2 Bg4 13. f4 exf4 14. Rxf4 Be6
15. Rd4+ Kc7 16. Nde4 Be7 17. Kf1 Rhd8 18. Rad1 Rxd4 19. Rxd4 Re8 20. Bc1 Nd7
21. Bf4+ Ne5 22. Ng5 Bc5 23. Bxe5+ fxe5 24. Nxe6+ Rxe6 25. Re4 Rf6+ 26. Bf3 Bd4
27. Nd1 Nc5 28. Rg4 e4 29. Ke1 exf3 30. Rxd4 Re6 31. Rd2 fxe2 32. Nf2 h5 33.
Rxe2 Kd6 34. Rxe6+ Nxe6 35. Kd2 Ke5 1/2-1/2

[Event "Dt. Senioren-Mannschaftsmeisterschaft der Landesverbände 2017"]
[Site "Templin"]
[Date "2017.09.25"]
[Round "1.3"]
[White "Herbrechtsmeier, Christof"]
[Black "Hanisch, Friedrich"]
[Result "1/2-1/2"]
[BlackElo "2081"]
[WhiteElo "2270"]
[WhiteTeam "Baden 1"]
[BlackTeam "Bayern 2"]
[LiveChessVersion "1.4.8"]

1. e4 c6 2. c4 d5 3. cxd5 cxd5 4. exd5 Nf6 5. Bb5+ Nbd7 6. Nc3 a6 7. Qa4 Rb8 8.
Bxd7+ Bxd7 9. Qb3 b5 10. a3 Bc8 11. Nge2 Bb7 12. Nf4 g5 13. Nd3 Bxd5 14. Nxd5
Qxd5 15. Qxd5 Nxd5 16. Nb4 e6 17. Nxd5 exd5 18. O-O Kd7 19. d4 Be7 20. f4 g4 21.
f5 Bf6 22. Bf4 1/2-1/2

[Event "Dt. Senioren-Mannschaftsmeisterschaft der Landesverbände 2017"]
[Site "Templin"]
[Date "2017.09.25"]
[Round "1.4"]
[White "Mueller, Lutz"]
[Black "Vatter, Hans-Joachim"]
[Result "0-1"]
[BlackElo "2203"]
[WhiteElo "2053"]
[WhiteTeam "Bayern 2"]
[BlackTeam "Baden 1"]
[LiveChessVersion "1.4.8"]

1. d4 Nf6 2. Nf3 e6 3. e3 c5 4. Bd3 b6 5. O-O Bb7 6. Nbd2 Nc6 7. a3 Be7 8. b3
cxd4 9. exd4 O-O 10. Bb2 Nd5 11. c4 Nf4 12. Bc2 f5 13. b4 Bf6 14. Nb3 Qe8 15.
Ne1 Qg6 16. f3 d5 17. cxd5 Nxd5 18. b5 Nce7 19. Bc1 Rac8 20. Nd3 Rfd8 21. Rf2
Nc3 22. Qe1 Bd5 23. Nf4 Qf7 24. Nxd5 Nexd5 25. a4 Rc4 26. Bd3 Rb4 27. Ra3 Rxa4
28. Rxa4 Nxa4 29. Re2 Nac3 30. Rxe6 Qd7 31. Bxf5 Qxb5 32. Rxf6 Ne2+ 33. Kf2 Nxf6
34. Be6+ Kh8 35. Qxe2 Qxe2+ 36. Kxe2 Re8 37. d5 Nxd5 0-1

[Event "Dt. Senioren-Mannschaftsmeisterschaft der Landesverbände 2017"]
[Site "Templin"]
[Date "2017.09.25"]
[Round "1.1"]
[White "Waschk, Armin"]
[Black "Rotstein, Jefim"]
[Result "0-1"]
[BlackElo "2322"]
[WhiteElo "2184"]
[WhiteTeam "Mecklenburg-Vorpommern 1"]
[BlackTeam "Nordrhein-Westfalen 1"]
[LiveChessVersion "1.4.8"]

1. e4 c5 2. Nf3 e6 3. d4 cxd4 4. Nxd4 Nf6 5. Nc3 d6 6. Be3 a6 7. Be2 Be7 8. Qd2
b5 9. a3 Bb7 10. f3 Nc6 11. g4 Rc8 12. g5 Nd7 13. h4 O-O 14. f4 Nxd4 15. Bxd4 e5
16. Be3 exf4 17. Bxf4 Nc5 18. Qe3 f5 19. gxf6 Bxf6 20. Bg5 Qe8 21. Bxf6 Rxf6 22.
O-O-O Nxe4 23. Nd5 Bxd5 24. Rxd5 Nf2 25. Qxe8+ Rxe8 26. Bh5 g6 27. Rg1 Nh3 28.
Rg3 Nf4 29. Rdg5 Re1+ 30. Kd2 Rh1 31. Bd1 Rxh4 32. Rc3 Rh2+ 33. Kc1 Ne2+ 34.
Bxe2 Rxe2 35. b4 h5 36. a4 bxa4 37. Ra5 d5 38. Rxd5 Kg7 39. Kb2 Re4 40. Ka3 Rb6
41. Rc7+ Kh6 42. c4 Re1 43. Ra5 Rf6 44. b5 axb5 45. cxb5 Re3+ 46. Kb4 Re4+ 47.
Kc5 h4 48. Rc6 Rf5+ 49. Kd6 h3 50. Ra8 Kg5 51. b6 Rf6+ 52. Kd7 Rd4+ 53. Kc7 Rf7+
54. Kc8 h2 55. Ra5+ Kh6 56. Rc1 Rc4+ 57. Rxc4 h1=Q 58. Rc7 Rf8+ 59. Kd7 Qd1+ 60.
Kc6 Qf3+ 61. Kd7 Qd3+ 62. Kc6 Qc3+ 63. Rc5 Qf3+ 64. Kb5 a3 65. Rc3 Qf1+ 0-1

[Event "Dt. Senioren-Mannschaftsmeisterschaft der Landesverbände 2017"]
[Site "Templin"]
[Date "2017.09.25"]
[Round "1.2"]
[White "Khanukov, Boris"]
[Black "Dettmann, Gerd"]
[Result "1/2-1/2"]
[BlackElo "2155"]
[WhiteElo "2306"]
[WhiteTeam "Nordrhein-Westfalen 1"]
[BlackTeam "Mecklenburg-Vorpommern 1"]
[LiveChessVersion "1.4.8"]

1. d4 Nf6 2. Nf3 g6 3. c4 Bg7 4. Nc3 O-O 5. e4 d6 6. Be2 e5 7. O-O Nc6 8. d5 Ne7
9. Ne1 Nd7 10. Nd3 f5 11. Bd2 Nf6 12. f3 f4 13. c5 g5 14. Rc1 Rf7 15. a4 Bf8 16.
Nb5 Ng6 17. cxd6 cxd6 18. Nf2 h5 19. Qc2 Bd7 20. Qc7 a6 21. Ba5 Qxc7 22. Nxc7
Rb8 23. b3 g4 24. Ne6 gxf3 25. gxf3 Be7 26. Kh1 Nf8 27. Rg1+ Kh8 28. Nxf8 Bxf8
29. Bc7 Rc8 30. Bb6 Rg7 31. Rxc8 Rxg1+ 32. Kxg1 Bxc8 33. Nd3 Kg7 34. Bc7 Ne8 35.
Bd8 Kf7 36. Nb2 Be7 37. Ba5 Nf6 38. Nc4 Bh3 39. Bf1 Bxf1 40. Kxf1 Ke8 41. Kg2
Kd7 42. Kh3 Nh7 43. Bb6 Ng5+ 44. Kg2 Nf7 45. Bf2 Kc7 46. a5 Kd7 47. Kf1 Kc7 48.
Ke2 Kd7 49. b4 Ng5 50. Nd2 Nf7 51. Kd3 Bd8 52. Kc4 Ng5 53. Kb3 Kc8 54. Ka4 Nf7
55. b5 Kd7 56. Kb4 Be7 57. Kc4 Kc7 58. bxa6 bxa6 59. Kd3 Kb7 60. Nc4 Kc7 61. Ke2
Kb7 62. Be1 Kc7 63. Kf1 Kd7 64. Kg2 Bd8 65. Bf2 Be7 66. Bb6 Kc8 67. Nb2 Kb7 68.
Nd3 Bf6 69. Nb4 Be7 70. Nc6 Bf6 71. Bf2 Nd8 72. Nb4 Nf7 73. Be1 Be7 74. Nc6 Bf6
75. Bb4 Kc7 76. Ba3 Kb7 77. Bb4 Kc7 78. Be1 Kb7 79. Bf2 Nd8 80. Nxd8+ Bxd8 81.
Be1 Kc8 1/2-1/2

[Event "Dt. Senioren-Mannschaftsmeisterschaft der Landesverbände 2017"]
[Site "Templin"]
[Date "2017.09.25"]
[Round "1.3"]
[White "Valet, Richard"]
[Black "Hassenrueck, Helmut"]
[Result "0-1"]
[BlackElo "2167"]
[WhiteElo "2023"]
[WhiteTeam "Mecklenburg-Vorpommern 1"]
[BlackTeam "Nordrhein-Westfalen 1"]
[LiveChessVersion "1.4.8"]

1. e4 e5 2. Nf3 Nc6 3. Bc4 Nf6 4. d3 Bc5 5. c3 O-O 6. O-O d5 7. exd5 Nxd5 8. d4
exd4 9. cxd4 Be7 10. Nc3 Nb6 11. Bb3 Bg4 12. Be3 Bf6 13. h3 Bh5 14. g4 Bg6 15.
d5 Na5 16. Bc5 Re8 17. Nd4 Nxb3 18. Qxb3 Nd7 19. Qc4 Ne5 20. Qb3 Nd3 21. Qc4
Nxb2 22. Qb3 Nd3 23. Qc4 Nf4 24. Nf5 Bxc3 25. Qxf4 Bxa1 26. Rxa1 Bxf5 27. Qxf5
Qf6 28. Qxf6 gxf6 29. Bd4 Rad8 30. Rc1 Rxd5 31. Bxf6 c5 32. Rc2 h5 33. Kg2 Kh7
34. Kg3 Kg6 35. g5 Kf5 36. Rc3 b5 37. Rf3+ Kg6 38. Ra3 Rd7 39. f4 c4 40. Rf3 Kf5
0-1

[Event "Dt. Senioren-Mannschaftsmeisterschaft der Landesverbände 2017"]
[Site "Templin"]
[Date "2017.09.25"]
[Round "1.4"]
[White "Krueger, Erich"]
[Black "Kliewe, Hans-Juergen"]
[Result "1/2-1/2"]
[BlackElo "2037"]
[WhiteElo "2171"]
[WhiteTeam "Nordrhein-Westfalen 1"]
[BlackTeam "Mecklenburg-Vorpommern 1"]
[LiveChessVersion "1.4.8"]

1. d4 d5 2. c4 c6 3. Nf3 Nf6 4. Nc3 dxc4 5. a4 Bf5 6. e3 e6 7. Bxc4 Bb4 8. O-O
O-O 9. Nh4 Bg4 10. f3 Bh5 11. g4 Nd5 12. Ng2 Bg6 13. Na2 Be7 14. e4 Nb6 15. Bb3
N8d7 16. a5 Nc8 17. Nc3 Bb4 18. a6 bxa6 19. Rxa6 Ncb6 20. Be3 Nb8 21. Ra1 a5 22.
Nf4 N8d7 23. Nd3 Qe7 24. Na4 Rfb8 25. Rc1 Rc8 26. Nxb6 Nxb6 27. d5 cxd5 28. Bxb6
dxe4 29. Rxc8+ Rxc8 30. Nf4 Qb7 31. Bf2 exf3 32. Nxg6 hxg6 33. Qd3 Be7 34. Bd1
Qxb2 35. Qxf3 Bf6 36. h4 Rd8 37. g5 Bd4 38. Bxd4 Qxd4+ 39. Qf2 a4 40. Kg2 Qxf2+
41. Kxf2 a3 42. Ke3 Rb8 1/2-1/2

[Event "Dt. Senioren-Mannschaftsmeisterschaft der Landesverbände 2017"]
[Site "Templin"]
[Date "2017.09.25"]
[Round "1.1"]
[White "Klundt, Klaus"]
[Black "Zimmermann, Rolf"]
[Result "1-0"]
[BlackElo "2165"]
[WhiteElo "2321"]
[WhiteTeam "Hessen"]
[BlackTeam "Nordrhein-Westfalen 2"]
[LiveChessVersion "1.4.8"]

1. e4 d5 2. exd5 Qxd5 3. Nc3 Qa5 4. d4 c6 5. Nf3 Nf6 6. Bc4 e6 7. O-O Be7 8. Re1
Nbd7 9. Bd2 Qd8 10. a4 a5 11. Qe2 O-O 12. Bxe6 Bb4 13. Bb3 Nb6 14. Rad1 Bg4 15.
Ne4 Bxd2 16. Rxd2 Re8 17. Qd3 Bxf3 18. Qxf3 Rxe4 19. Rxe4 Nxe4 20. Qxe4 Qe8 21.
Re2 Qxe4 22. Rxe4 Kf8 23. Kf1 Re8 24. Rh4 h6 25. Rf4 f6 26. Rf5 Ra8 27. Ke2 Nc8
28. Kd3 Nd6 29. Rc5 Ke7 30. d5 Kd7 31. dxc6+ bxc6 32. Rh5 Nb7 33. Kd4 Re8 34.
Bc4 Nd6 35. Bd3 Rb8 36. Rxa5 Rxb2 37. Ra7+ Rb7 38. Ra8 Rb2 39. a5 Ra2 40. a6 Ra5
41. Ra7+ Ke6 42. Rc7 c5+ 43. Rxc5 Ra4+ 44. Kc3 Kd7 45. Kb3 Ra1 46. Kb2 Ra4 47.
Bb5+ Nxb5 48. Rxb5 Rxa6 49. Rb7+ Ke8 50. Rxg7 Re6 51. Rh7 Re2 52. Rxh6 Rxf2 53.
g4 Kf7 54. h3 f5 55. gxf5 Rxf5 56. Kb3 Ke7 57. Kb4 Kd7 58. c4 Kc7 59. h4 Kb7 60.
h5 Kc7 61. Rh8 Kb7 62. Kc3 Rf3+ 63. Kd4 Rf4+ 64. Kd5 Rf5+ 65. Ke4 Rc5 66. Kd4
Rg5 67. h6 Rg4+ 68. Kd5 Rg5+ 69. Ke6 Rc5 70. Rh7+ Kb6 71. Rd7 Rxc4 72. h7 Rh4
73. Kf6 Kc6 74. Ra7 Kb6 75. Re7 Kc6 76. Kg7 Kd6 77. Re8 1-0

[Event "Dt. Senioren-Mannschaftsmeisterschaft der Landesverbände 2017"]
[Site "Templin"]
[Date "2017.09.25"]
[Round "1.2"]
[White "Bogorad, Michail"]
[Black "Kierzek, Matthias, Dr."]
[Result "0-1"]
[BlackElo "2277"]
[WhiteElo "2109"]
[WhiteTeam "Nordrhein-Westfalen 2"]
[BlackTeam "Hessen"]
[LiveChessVersion "1.4.8"]

1. e4 c6 2. d3 d5 3. Nd2 e5 4. g3 Bd6 5. Bg2 Nf6 6. Ngf3 O-O 7. O-O Re8 8. Re1
Nbd7 9. Qe2 a5 10. a3 a4 11. h3 Nc5 12. Nh2 Bd7 13. Ng4 Nxg4 14. hxg4 Be6 15.
Bf3 Qd7 16. Kg2 b5 17. Rh1 Rad8 18. Rh2 Bf8 19. Rh5 f6 20. Rh4 g5 21. Rh2 Bf7
22. Qe1 Bg6 23. Kg1 Kg7 24. Qe2 Ne6 25. c3 Nc5 26. Bg2 dxe4 27. dxe4 Nb3 28.
Nxb3 Qd1+ 29. Bf1 axb3 30. Bxg5 Qxa1 31. Bh6+ Kg8 32. Bxf8 Rxf8 33. f4 Bf7 34.
Rf2 Bc4 35. Qf3 Rd1 36. fxe5 Bxf1 37. Kh2 Be2 38. Rxe2 fxe5 39. Qe3 Rh1+ 0-1

[Event "Dt. Senioren-Mannschaftsmeisterschaft der Landesverbände 2017"]
[Site "Templin"]
[Date "2017.09.25"]
[Round "1.3"]
[White "Baum, Bernd, Dr."]
[Black "Andersen, Knut"]
[Result "1-0"]
[BlackElo "2108"]
[WhiteElo "2268"]
[WhiteTeam "Hessen"]
[BlackTeam "Nordrhein-Westfalen 2"]
[LiveChessVersion "1.4.8"]

1. e4 c5 2. Nc3 Nc6 3. f4 g6 4. Nf3 Bg7 5. g3 d6 6. Bg2 Nf6 7. O-O O-O 8. d3 Rb8
9. h3 Nd7 10. Ne2 e5 11. f5 gxf5 12. exf5 Nd4 13. g4 b5 14. Ng3 Nxf3+ 15. Qxf3
Bb7 16. Qe2 Bxg2 17. Qxg2 Qb6 18. g5 f6 19. Kh1 Kh8 20. Be3 fxg5 21. Bxg5 Bf6
22. Ne4 Bxg5 23. Nxg5 Nf6 24. Rg1 Qb7 25. Qxb7 Rxb7 26. Ne4 Rd7 27. Rg5 Nxe4 28.
dxe4 d5 29. Rd1 d4 30. Rdg1 h6 31. Rg6 Kh7 32. Re6 d3 33. cxd3 Rxd3 34. Rgg6
Rxh3+ 35. Kg2 Rh4 36. Re7+ Kh8 37. Rxe5 Rg8 38. Rxg8+ Kxg8 39. Kg3 Rh1 40. Rxc5
a6 41. Rc6 Re1 42. Kf4 h5 43. Rxa6 Re2 44. b4 h4 45. Rh6 Rxa2 46. Rxh4 Rb2 47.
f6 Rxb4 48. Kf5 Rb1 49. Ke6 Rf1 50. e5 1-0

[Event "Dt. Senioren-Mannschaftsmeisterschaft der Landesverbände 2017"]
[Site "Templin"]
[Date "2017.09.25"]
[Round "1.4"]
[White "Haselhorst, Helmut"]
[Black "Kierzek, Mira"]
[Result "1-0"]
[BlackElo "2037"]
[WhiteElo "2067"]
[WhiteTeam "Nordrhein-Westfalen 2"]
[BlackTeam "Hessen"]
[LiveChessVersion "1.4.8"]

1. Nf3 d5 2. d4 c6 3. Bf4 Nf6 4. e3 Bg4 5. c4 e6 6. Nc3 Be7 7. Qb3 Qb6 8. c5
Qxb3 9. axb3 Nbd7 10. b4 O-O 11. b5 cxb5 12. Bxb5 a6 13. Bd3 Rfc8 14. Ne5 Bh5
15. O-O Nxe5 16. Bxe5 Nd7 17. Bg3 Bd8 18. Rfc1 Be7 19. b4 Bg6 20. Be2 Nf6 21. h3
Bd8 22. Kf1 h6 23. Ke1 Ne4 24. Nxe4 Bxe4 25. f3 Bg6 26. Kd2 Kh7 27. Ra2 f6 28.
Rca1 Be8 29. b5 a5 30. Bd3+ Kg8 31. b6 a4 32. Be1 Kf7 33. Ke2 e5 34. Rb1 Bd7 35.
Ra3 exd4 36. exd4 f5 37. Bb5 Bxb5+ 38. Rxb5 Ra6 39. Ra5 Rca8 40. Rxa6 Rxa6 41.
Bg3 g5 42. Be5 Ke6 43. Kd3 Kd7 44. g4 fxg4 45. fxg4 Be7 46. Ra2 Ra8 47. Kc3 Ra6
48. Rf2 Ke6 49. Re2 Kd7 50. Kb2 Ra8 51. Ka2 Rf8 52. Rc2 Kc6 53. Rc3 Rf1 54. Bg7
Bf6 55. Bxf6 Rxf6 56. Re3 Kb5 57. Re7 Rf2+ 58. Kb1 a3 59. Rxb7 a2+ 60. Ka1 Kb4
61. Re7 Rf1+ 62. Kxa2 Rf2+ 63. Kb1 Kc3 64. Re3+ Kxd4 65. Rb3 Kxc5 66. b7 1-0

[Event "Blindenschachbund-Berlin 2"]
[Site "Templin"]
[Date "2017.09.25"]
[Round "1.1"]
[White "Schulz, Michael"]
[Black "Riegler, Dieter"]
[Result "1-0"]
[WhiteElo "2181"]
[BlackElo "2013"]
[PlyCount "45"]
[EventDate "2017.??.??"]
[WhiteTeam "Berlin 2"]
[BlackTeam "Blindenschachbund"]

1. d4 Nf6 2. Bg5 c5 3. d5 d6 4. Nc3 Nbd7 5. e4 g6 6. Be2 Bg7 7. Nf3 h6 8. Bf4
g5 9. Be3 Ng4 10. Bd2 Nge5 11. Nxe5 Nxe5 12. O-O Bd7 13. a4 a6 14. a5 O-O 15.
Na4 Bb5 16. Nb6 Bxe2 17. Qxe2 Rb8 18. Bc3 Nd7 19. Bxg7 Kxg7 20. Nc4 f6 21. f4
Qc7 22. Qh5 b5 23. Ne3 1-0

[Event "Blindenschachbund-Berlin 2"]
[Site "Templin"]
[Date "2017.09.25"]
[Round "1.2"]
[White "Dobierzin, Olaf"]
[Black "Postler, Reinhard"]
[Result "0-1"]
[WhiteElo "2001"]
[BlackElo "2221"]
[PlyCount "72"]
[EventDate "2017.??.??"]
[WhiteTeam "Blindenschachbund"]
[BlackTeam "Berlin 2"]

1. e4 c5 2. Nf3 e6 3. d4 cxd4 4. Nxd4 Nf6 5. Nc3 d6 6. Be2 Be7 7. O-O Nc6 8.
Be3 Qc7 9. f4 O-O 10. Nb3 a6 11. a4 b6 12. Bf3 Rb8 13. g4 Re8 14. g5 Nd7 15.
Qd2 Bf8 16. Kh1 Bb7 17. Qf2 Ba8 18. Rad1 Nc5 19. Nd4 Nxd4 20. Bxd4 Bc6 21. b3
Qb7 22. e5 dxe5 23. Bxe5 Rbd8 24. Bxc6 Qxc6+ 25. Qg2 Qc8 26. Ne4 Nxe4 27. Qxe4
Rd7 28. c4 Red8 29. Rxd7 Qxd7 30. Kg2 Bc5 31. Re1 Qd2+ 32. Qe2 Kf8 33. Kf1 f6
34. gxf6 gxf6 35. Bxf6 Qxf4+ 36. Kg2 Rd2 0-1

[Event "Blindenschachbund-Berlin 2"]
[Site "Templin"]
[Date "2017.09.25"]
[Round "1.3"]
[White "Baumbach, Friedrich"]
[Black "Jagdhuber, Hans"]
[Result "1/2-1/2"]
[WhiteElo "2156"]
[BlackElo "2014"]
[PlyCount "65"]
[EventDate "2017.??.??"]
[WhiteTeam "Berlin 2"]
[BlackTeam "Blindenschachbund"]

1. d4 Nf6 2. c4 e6 3. Nf3 b6 4. a3 Bb7 5. e3 c5 6. Nc3 Be7 7. Be2 O-O 8. O-O
cxd4 9. exd4 d5 10. Bg5 Nbd7 11. Rc1 h6 12. Bh4 dxc4 13. Bxc4 Rc8 14. Ba2 Ne4
15. Nxe4 Rxc1 16. Qxc1 Bxh4 17. Qf4 Be7 18. Nc3 Nf6 19. Ne5 Nd5 20. Qf3 Qa8 21.
Nxd5 Bxd5 22. Bxd5 Qxd5 23. Qxd5 exd5 24. Rc1 Bd6 25. Nc6 a6 26. Na7 Re8 27.
Kf1 Bb8 28. Rc8 Kf8 29. Rxe8+ Kxe8 30. Nc6 Bd6 31. Ke2 Kd7 32. Ne5+ Ke6 33. Nd3
1/2-1/2

[Event "Blindenschachbund-Berlin 2"]
[Site "Templin"]
[Date "2017.09.25"]
[Round "1.4"]
[White "Hahn, Volker"]
[Black "Glatthor, Thomas"]
[Result "1/2-1/2"]
[WhiteElo "1747"]
[BlackElo "2065"]
[PlyCount "33"]
[EventDate "2017.??.??"]
[WhiteTeam "Blindenschachbund"]
[BlackTeam "Berlin 2"]

1. d4 d6 2. c4 e5 3. d5 g6 4. e4 Bg7 5. Nc3 c5 6. Nf3 Nf6 7. h3 O-O 8. Bg5 h6
9. Be3 Na6 10. Qd2 Kh7 11. Be2 Bd7 12. O-O Nc7 13. Ne1 Ng8 14. f4 f5 15. Bd3
Qe7 16. exf5 Bxf5 17. Bxf5 1/2-1/2

[Event "Bayern 1-Württemberg 2"]
[Site "Templin"]
[Date "2017.09.25"]
[Round "1.1"]
[White "Gabriel, Josef"]
[Black "Schmidt, Gerhard"]
[Result "0-1"]
[WhiteElo "2091"]
[BlackElo "2175"]
[PlyCount "71"]
[EventDate "2017.??.??"]
[WhiteTeam "Württemberg 2"]
[BlackTeam "Bayern 1"]

1. e4 c5 2. Nf3 d6 3. Bb5+ Bd7 4. Qe2 Bxb5 5. Qxb5+ Qd7 6. Nc3 Nc6 7. O-O Nf6
8. a3 e6 9. Re1 Be7 10. d3 O-O 11. Qb3 Rab8 12. Ne2 b5 13. c3 Rfd8 14. Ng3 d5
15. e5 Ne8 16. d4 b4 17. dxc5 Na5 18. Qd1 b3 19. Bg5 h6 20. Bxe7 Qxe7 21. Nd4
Qxc5 22. Qg4 Qe7 23. h4 Rdc8 24. f4 Nc6 25. Rad1 Nxd4 26. Rxd4 g6 27. f5 h5 28.
Qf4 exf5 29. Rxd5 Nc7 30. Ra5 Ne6 31. Qa4 Nc5 32. Qd4 Qc7 33. e6 Nxe6 34. Rxe6
fxe6 35. Qf6 Qb6+ 36. Kh1 {nach weiteren Zugen} 0-1

[Event "Bayern 1-Württemberg 2"]
[Site "Templin"]
[Date "2017.09.25"]
[Round "1.2"]
[White "Jergler, Karl-Heinz"]
[Black "Wolf, Walter"]
[Result "1/2-1/2"]
[WhiteElo "2198"]
[BlackElo "2110"]
[PlyCount "116"]
[EventDate "2017.??.??"]
[WhiteTeam "Bayern 1"]
[BlackTeam "Württemberg 2"]

1. e4 e5 2. Nf3 Nc6 3. d4 exd4 4. Nxd4 Nxd4 5. Qxd4 Qf6 6. e5 Qb6 7. Qxb6 axb6
8. Nc3 Ra5 9. f4 Bb4 10. Bd2 Bxc3 11. Bxc3 Ra4 12. g3 Ne7 13. b3 Ra8 14. Bg2
O-O 15. a4 Nf5 16. Kf2 d6 17. Rad1 dxe5 18. Bxe5 c6 19. Rd2 Be6 20. Rhd1 Rac8
21. c4 h5 22. Bf3 f6 23. Bd6 Nxd6 24. Rxd6 Bf5 25. R1d4 g6 26. Be4 Bxe4 27.
Rxe4 Rc7 28. Ree6 Kg7 29. h3 Rff7 30. g4 hxg4 31. hxg4 Rce7 32. f5 gxf5 33.
gxf5 Rxe6 34. Rxe6 Kh6 35. Re8 Kg5 36. Rb8 Kxf5 37. Kf3 Rh7 38. Ke3 Rh3+ 39.
Kd2 Rxb3 40. Rxb7 Rb4 41. Kc3 c5 42. a5 bxa5 43. Rc7 Ke4 44. Rxc5 Ra4 45. Kb3
Ra1 46. Kb2 Rg1 47. Rxa5 f5 48. Ra8 f4 49. Re8+ Kd4 50. Rf8 Ke3 51. Re8+ Kf2
52. Kc3 f3 53. Rf8 Rg4 54. Kd3 Kg2 55. Ke3 Rg7 56. c5 Re7+ 57. Kd4 f2 58. c6
Re8 1/2-1/2

[Event "Bayern 1-Württemberg 2"]
[Site "Templin"]
[Date "2017.09.25"]
[Round "1.3"]
[White "Schmid, Hartmut"]
[Black "Oechslein, Rainer"]
[Result "0-1"]
[WhiteElo "2138"]
[BlackElo "2294"]
[PlyCount "50"]
[EventDate "2017.??.??"]
[WhiteTeam "Württemberg 2"]
[BlackTeam "Bayern 1"]

1. c4 g6 2. d4 Bg7 3. Nc3 d6 4. Nf3 e5 5. dxe5 dxe5 6. Qxd8+ Kxd8 7. Bg5+ f6 8.
O-O-O+ Ke8 9. Bd2 Be6 10. e3 Ne7 11. h4 h5 12. Nh2 Na6 13. Ne4 Nf5 14. f4 exf4
15. exf4 Nxh4 16. g3 Nf5 17. b3 Kf7 18. Nf3 Rhe8 19. Re1 Bd7 20. Bd3 Bc6 21.
Rhg1 Re7 22. Bc3 Rae8 23. Ned2 Re3 24. Kc2 Bxf3 25. Nxf3 Rxf3 0-1

[Event "Bayern 1-Württemberg 2"]
[Site "Templin"]
[Date "2017.09.25"]
[Round "1.4"]
[White "Seibold, Hubert"]
[Black "Keller, Harald"]
[Result "1-0"]
[WhiteElo "2130"]
[BlackElo "2077"]
[PlyCount "67"]
[EventDate "2017.??.??"]
[WhiteTeam "Bayern 1"]
[BlackTeam "Württemberg 2"]

1. c4 Nf6 2. g3 c5 3. Bg2 Nc6 4. Nf3 g6 5. Nc3 Bg7 6. d4 cxd4 7. Nxd4 Nxd4 8.
Qxd4 O-O 9. Qd3 d6 10. O-O Qa5 11. e4 Qh5 12. f3 Bh3 13. Be3 Bxg2 14. Kxg2 a6
15. Rac1 Rac8 16. b4 g5 17. Nd5 Rfe8 18. Nxf6+ Bxf6 19. Qd5 Qg6 20. b5 axb5 21.
cxb5 Ra8 22. Qxb7 Rxa2+ 23. Rf2 Rxf2+ 24. Bxf2 g4 25. Qd7 gxf3+ 26. Kxf3 Ra8
27. Rc8+ Rxc8 28. Qxc8+ Kg7 29. Qg4 Qxg4+ 30. Kxg4 Be5 31. b6 d5 32. Kf5 f6 33.
exd5 Kf7 34. Be3 1-0